Coventry City Top Goalscorers of All Time - Statistics

General Stats
  • This quiz has been taken 21 times
  • The average score is 14 of 50
Answer Stats
Player APP Goals % Correct
Dion Dublin 161 68
81%
Cyrille Regis 258 50
56%
Viktor Gyokeres 116 43
56%
Ellis Simms 87 26
50%
Haji Wright 67 26
50%
Micky Gynn 257 35
50%
Stern John 88 29
50%
Dave Bennett 180 28
44%
Matty Godden 156 50
44%
Noel Whelan 150 36
44%
Peter Ndlovu 182 38
44%
Callum O'Hare 182 22
38%
Darren Huckerby 107 31
38%
David Speedie 130 31
38%
Gary McAllister 193 36
38%
Gary McSheffrey 281 73
38%
Ian Wallace 133 58
38%
Willie Carr 269 34
38%
Ernie Hunt 156 47
31%
Mick Ferguson 141 56
31%
Stephen hunt 194 28
31%
Adam Armstrong 40 20
25%
Dele Adebola 181 36
25%
Garry Thompson 139 38
25%
Leon Best 104 23
25%
Marc McNulty 52 28
25%
Micky Quinn 65 25
25%
Terry Gibson 101 46
25%
Brian Kilcline 189 31
19%
Callum Wilson 55 23
19%
David Cross 96 30
19%
Kevin Gallacher 107 34
19%
Maxime Biamou 116 26
19%
Michael Mifsud 95 23
19%
Tommy Hutchison 327 26
19%
Brian Alderson 134 32
13%
Clinton Morrison 101 23
13%
Colin Stein 87 22
13%
Frank Moussa 92 21
13%
Jordan Shipley 163 20
13%
Leon Clarke 45 27
13%
Neil Martin 114 44
13%
Steve Whitton 75 21
13%
Tommy English 70 20
13%
Alan Green 122 30
6%
Barry Powell 171 29
6%
Mark Hateley 96 26
6%
Michael Doyle 372 26
6%
Carl Baker 182 28
0%
John O'Rourke 62 23
0%
No matching quizzes found
Score Distribution
Percent of People with Each Score
Percentile by Number Answered
Your Score History
You have not taken this quiz